01299agaaa2200277 45000010005000000030009000050050017000140070009000310080040000400400023000800410013001031000044001161300018001602450163001782500022003412600114003633000032004775080035005095110082005445200196006265380016008225460013008386500056008517000056009077000058009638280IT-RoPAU20220918181258.0d cvaizq50131s9999||||xx ||| | || ||und|| aIT-RoPAUcIT-RoPAU aITALIANO aBunuel LuisgCodice regista SPICS: 8694 aAGE D'OR (L') aAGE D'OR (L')cProdotto da: De Noailles Charles -- Sceneggiatura: Bunuel Luis -- Diretto da: Bunuel LuispAGE D'OR (L') (Rif. Codice opera principale : 48280) aEdizione Standard aFRANCIA (MESSICO)bVICOMPTE DE NOAILLES / Distribuzione: RAIg"1930 (1° ed.: 1987 ; Ed. Lingua Orig.: 1930)" aVHSbsonoro, b&wc70 minuti a"Sceneggiatura: Bunuel Luis; " a"Modot&Gaston; Lys Lya; Ernst Max; Artigas Llorens; Salem Lionel; Noizet Mme" aFANTASTICO CON-LYA-LYS GASTON-MODOT MAX-ERNSTFILM MUTO CON DIDASCALIE IN ITALIANO SULL'AMORE FOLLE IL PROTAGONISTA COMPIE ALCUNI GESTI SURREALISTI FRA CUI SCHIAFFEGGIARE LA SUA FUTURA SUOCERA aPAL, STEREO aITALIANO aFANTASTICOeFILMS [VHS]xCodice MATERIA SPICS: 9960 aBunuel Luis e(regista)gCodice regista SPICS: 8694 aBunuel Luis e(soggetto)gCodice Soggetto SPICS: 8694